The Illustrated birthday book of American poets / (Record no. 17725)

MARC details
000 -LEADER
fixed length control field 00939cam a22002531i 4500
001 - CONTROL NUMBER
control field ca 34002301
003 - CONTROL NUMBER IDENTIFIER
control field DLC
005 - DATE AND TIME OF LATEST TRANSACTION
control field 20260227111136.0
007 - PHYSICAL DESCRIPTION FIXED FIELD--GENERAL INFORMATION
fixed length control field cr_|||||||||||
008 - FIXED-LENGTH DATA ELEMENTS--GENERAL INFORMATION
fixed length control field 891020s1882 mauc 000 0 eng
010 ## - LIBRARY OF CONGRESS CONTROL NUMBER
LC control number ca 34002301
035 ## - SYSTEM CONTROL NUMBER
System control number (OCoLC)20515769
040 ## - CATALOGING SOURCE
Original cataloging agency DLC
Transcribing agency OYU
Modifying agency DLC
050 00 - LIBRARY OF CONGRESS CALL NUMBER
Classification number PS586
Item number .H33
100 1# - MAIN ENTRY--PERSONAL NAME
Personal name Hayward, Almira L.
Fuller form of name (Almira Leach),
Dates associated with a name -1894.
245 14 - TITLE STATEMENT
Title The Illustrated birthday book of American poets /
Statement of responsibility, etc. edited by Almira L. Hayward.
260 ## - PUBLICATION, DISTRIBUTION, ETC.
Place of publication, distribution, etc. Boston :
Name of publisher, distributor, etc. J.R. Osgood,
Date of publication, distribution, etc. 1882.
300 ## - PHYSICAL DESCRIPTION
Extent 307 p. :
Other physical details ports. ;
Dimensions 14 cm.
500 ## - GENERAL NOTE
General note Alternate pages blank for recording birthdays. Blank pages for "Index of birthdays" (285-307)
500 ## - GENERAL NOTE
General note Published in 1880 under title: The birthday book of American poets.
530 ## - ADDITIONAL PHYSICAL FORM AVAILABLE NOTE
Additional physical form available note Also available in digital form on the Internet Archive Web site.
650 #0 - SUBJECT ADDED ENTRY--TOPICAL TERM
Topical term or geographic name entry element Birthday books.
856 41 - ELECTRONIC LOCATION AND ACCESS
Uniform Resource Identifier <a href="http://hdl.loc.gov/loc.gdc/scd0001.00174005205">http://hdl.loc.gov/loc.gdc/scd0001.00174005205</a>

No items available.

Powered by Koha